The children at Green Meadows

Bibliographic Details
Main Author: Blyton, Enid
Corporate Author: Title
Format: Book
Published: London : Award , 2001
Subjects:

MARC

LEADER 00000cam a2200000 7i4500
001 0000005417
005 20151222.0
008 070803
020 |a 0861639472 
090 0 0 |a JF   |b ENG 
100 1 |a Blyton, Enid 
245 1 4 |a The children at Green Meadows   |c Enid Blyton 
260 |a London :   |b Award ,   |c 2001 
500 |a Children ages 10-12 years old (pink) 
650 0 |a Adventure 
650 0 |a Junior fiction   |x English   |x Languages 
710 0 |a Title 
999 |a 0000979464   |b Book   |c Children Collection   |e Cawangan Taman Sri Lambak 
999 |a 0000979465   |b Book   |c Children Collection   |e Cawangan Bandar Penawar 
999 |a 0000979466   |b Book   |c Children Collection   |e Cawangan Kota Tinggi